00375nam a2200145Ia 4500008004100000020001800041041000800059082001500067100001100082245008200093260001900175300000800194365001600202700001100218230718s9999 xx 000 0 und d a9789351952121 aeng a362.5bLAL aLal A. aIndia SocialbHow Social Media Is Leading The Charge And Changing The Country c2017bHachette a258 cRs.b299.00 aLal A.